MDQL
is popping MORE tags! Check the
thread
!
Quizzes
Events
Quiz Creation
Community
Videos
Private Events
Remove Ads
Sign In
Join for FREE
Feedback
Dark Mode
Quiz Categories
Sports
Geography
Music
Movies
Television
Just For Fun
Miscellaneous
History
Literature
Language
Science
Gaming
Entertainment
Religion
Holiday
For Kids
Quiz Lab
Recent
Popular Today
Quiz Kudos Today
Editor Picks
Curator Picks
Quizzes by...
Day
Popularity
Type
Ratings
Length
Year
Community
Subscriptions
Recent Discussions
Orange Saloon
Badges
Playlists
Quests
Create
Leaderboards
Showdown
Live 5
Trivia Bingo
Activity
Puzzle Library
Sporcle Events
Private Events
Virtual Trivia
Globe League
Become a Host
Pub Owners
SporcleCon
Opinionation
Our Games
Videos
Blog
Mobile Apps
Partnerships
Remove Ads and Go Orange
Feedback
History
US Presidents
World Leaders
Politics
Nation
Discovery
War
Decade
Year
Century
Biography
Art
History
US Presidents
World Leaders
Politics
Nation
Discovery
War
Decade
Year
Century
Biography
Art
Random Quiz
Search Sporcle
×
Quiz Lab
Quiz Lab
History
Nintendo
Select answers by clicking on text or image buttons
Select answers by clicking on text or image buttons
Clickable
Best Score? Go Orange.
Chinese dynasties by dates (clickable) Stats
Can you pick the Chinese dynasties during the given dates?
By
opaltiger
10m
20 Questions
126 Plays
126 Plays
126 Plays
Comments
Comments
Give Quiz Kudos
Give Quiz Kudos
-
- Ratings
hide this ad
Forced Order
Answers have to be entered in order
Answers have to be entered in order
Replay
Link that replays current quiz
Next Quiz
Link to next quiz in quiz playlist
You Got
0%
They Got
Avg Score
62%
Avg Friend Score
Upgrade to see
Score Distribution
Jump to the score distribution portion of the page
Score
0/20
Timer
10:00
0
Plays Today
% Correct
Qing
86.5%
Ming
84.1%
Yuan
74.6%
Qin
68.3%
Tang
68.3%
Song
68.3%
Eastern Han
67.5%
Xia
66.7%
Eastern Zhou: Spring and Autumn
65.9%
Eastern Zhou: Warring States
65.9%
% Correct
Western Han
61.1%
Shang
60.3%
Sui
59.5%
Xin
56.3%
Western Zhou
54.8%
Three Sovereigns and Five Emperors
52.4%
Three Kingdoms
49.2%
Southern and Northern
45.2%
Five Dynasties and Ten Kingdoms
43.7%
Jin
42.9%
Quiz Playlist
Details
Report
Send in Message
Add To Playlist
Clickable:
Select answers by clicking on text or image buttons
Forced Order:
Answers have to be entered in order
Last Updated: Feb 16, 2017
Quiz Scoreboard
CHALLENGE
Sign Up to Join the Scoreboard
Show All
Scores
Hide
Comments
May contain spoilers
Recently Published
Image Sorting: Flags VI
by Barbecue
Geography
2m
Find the 'City' Movie
by crazypaving
Movies
60s
Colored Red Africa Blitz
by spor1
Geography
45s
More to Explore
Quiz From the Vault
Featured Blog Post
14 Easter Pick-up Lines to Find Eggs With
hide this ad
You Might Also Like...
Tags
Nintendo Quiz
Chinese Dynasties
Today's Top Quizzes in History
Browse History
hide this ad
Today's Top Quizzes in Nintendo
Browse Nintendo
Top Contributed Quizzes in History
1
I Am Born On March 29th
2
Order Up: 1000 Years of World Events I
3
US National Parks Named After People
4
Popular People in 1951
5
Popular People in 1991
6
Popular People in 1941
7
Popular People in 1986
8
Popular People in 1981
9
Popular People in 1921
10
Popular People in 1976
Explore More
Trending Topics
Kpop
Marvel
Crossword
Harry Potter
NBA
Anime
Disney
Song
The Office
Soccer
Pokémon
WWE
NFL
Puzzle
Country
hide this ad
More By:
opaltiger
Quiz
Plays
Rating
Category
Featured
Created
Zelda bosses by title (clickable)
2,028
4.00
Gaming
Dec 16, 2012
Pokemon Type Chart
794
2.00
Gaming
Mar 21, 2013
Periods of Japanese history (clickable)
612
4.80
History
Feb 1, 2013
Monarchs of England by reign
370
4.67
History
Jan 29, 2013
UK Prime Ministers by term of office (clickable)
209
4.00
History
Feb 1, 2013
Go to Creator's Profile
Score Distribution
Quiz Creator Spotlight
opaltiger
Follow
Send a Message
Quizzes Created
-
Created Quiz Play Count
-
More By This Creator
Popular Quizzes Today
1
Colored Red Africa Blitz
2
Find the US States - No Outlines Minefield
3
Find the 'City' Movie
4
5x2 Blitz: Bands
5
The Countries of the World
6
Find the Countries of Europe - No Outlines Minefield
7
Find the US States
8
US States
More History Quizzes
Click a Variable-sweep Wing Airplane
Quiz Lab
Trending Quizzes
Colored Red Europe Blitz I
Colored Red Europe Blitz II
Colored Red Africa Blitz II
Colored Red Europe Blitz III
Colored Red Africa Blitz III
Recently Updated
How Do You Spell That?
pecheneg
Godzilla Movies
pecheneg
Grab Bag: 4-10 Letters
pecheneg
2024 March Madness Bracket
pecheneg
Famous TV Couples
Peacemaker
Champions League XIs: Real Madrid
pecheneg
Largest US Cities 1790-2010
pecheneg
Rides in Walt Disney World
pecheneg
Most Oscar Losses (Acting)
pecheneg
Beyoncé Albums
pecheneg
Trending Topics
Anime
Crossword
Marvel
Kpop
NBA
Harry Potter
Disney
WWE
Country
Puzzle
NFL
Pokémon
Soccer
The Office
Song
Your Account Isn't Verified!
In order to create a playlist on Sporcle, you need to verify the email address you used during registration. Go to your
Sporcle Settings
to finish the process.
Report this User
Report this user for behavior that violates our
Community Guidelines
.
Details:
Send Report
Go to the Sporcle.com Mobile Site →
Comments